All of Mitski alphabetically - Statistics

General Stats
  • This quiz has been taken 209 times
  • The average score is 48 of 86
Answer Stats
Hint Answer % Correct
Lush Abbey
91%
Be the Cowboy A Pearl
81%
Lush Brand New City
76%
Puperty 2 A Burning Hill
74%
Non-Album / Bonus Songs Cop Car
74%
Lush Eric
74%
Puperty 2 I Bet on Losing Dogs
74%
Lush Bag of Bones
71%
The Land Is Inhospitable and So Are We Bug Like an Angel
71%
Bury Me at Makeout Creek First Love / Late Spring
71%
Bury Me at Makeout Creek Francis Forever
71%
Lush Liquid Smooth
70%
Be the Cowboy Washing Machine Heart
69%
Retired from Sad, New Career in Business Circle
68%
Puperty 2 Dan the Dancer
68%
Retired from Sad, New Career in Business Goodbye, My Danish Sweetheart
68%
Bury Me at Makeout Creek I Will
68%
Puperty 2 Happy
67%
Retired from Sad, New Career in Business Humpty
67%
Puperty 2 A Loving Feeling
66%
Retired from Sad, New Career in Business Class of 2013
66%
Puperty 2 Crack Baby
66%
Retired from Sad, New Career in Business Because Dreaming Costs Money, My Dear
65%
Puperty 2 Fireworks
65%
Be the Cowboy Nobody
65%
Retired from Sad, New Career in Business Square
65%
Puperty 2 Your Best American Girl
65%
Lush Door
64%
Retired from Sad, New Career in Business I Want You
64%
Lush Pearl Diver
64%
Be the Cowboy A Horse Named Cold Air
63%
Bury Me at Makeout Creek Drunk Walk Home
63%
Be the Cowboy Geyser
63%
The Land Is Inhospitable and So Are We Heaven
63%
Bury Me at Makeout Creek Jobless Monday
63%
Bury Me at Makeout Creek Texas Reznikoff
63%
Bury Me at Makeout Creek I Don't Smoke
62%
Be the Cowboy Blue Light
60%
Bury Me at Makeout Creek Carry Me Out
60%
The Land Is Inhospitable and So Are We My Love Mine All Mine
60%
The Land Is Inhospitable and So Are We Buffalo Replaced
59%
Bury Me at Makeout Creek Last Words of a Shooting Star
59%
Be the Cowboy Me and My Husband
59%
Retired from Sad, New Career in Business Strawberry Blond
59%
Bury Me at Makeout Creek Townie
59%
The Land Is Inhospitable and So Are We Star
58%
Be the Cowboy Pink in the Night
57%
Lush Real Men
57%
Laurel Hell Valentine, Texas
57%
Lush Wife
57%
Be the Cowboy Why Didn't You Stop Me?
56%
The Land Is Inhospitable and So Are We I'm Your Man
55%
Laurel Hell Stay Soft
55%
Laurel Hell Working for the Knife
55%
Laurel Hell Everyone
54%
Laurel Hell I Guess
54%
Be the Cowboy Lonesome Love
54%
Be the Cowboy Old Friend
54%
Puperty 2 Once More to See You
54%
Retired from Sad, New Career in Business Shame
54%
Be the Cowboy Come into the Water
53%
Laurel Hell Heat Lightning
53%
Puperty 2 My Body's Made of Crushed Little Stars
53%
Be the Cowboy Remember My Name
51%
Laurel Hell That's Our Lamp
50%
The Land Is Inhospitable and So Are We The Frost
50%
Be the Cowboy Two Slow Dancers
50%
The Land Is Inhospitable and So Are We I Don't Like My Mind
49%
Laurel Hell Should've Been Me
49%
Puperty 2 Thursday Girl
49%
Laurel Hell Love Me More
48%
The Land Is Inhospitable and So Are We When Memories Snow
47%
The Land Is Inhospitable and So Are We The Deal
46%
Laurel Hell The Only Heartbreaker
44%
The Land Is Inhospitable and So Are We I Love Me After You
43%
Laurel Hell There's Nothing Left for You
36%
Non-Album / Bonus Songs Glide
35%
Non-Album / Bonus Songs Susie Save Your Love
29%
Non-Album / Bonus Songs Between the Breaths
27%
Non-Album / Bonus Songs This Is A Life
25%
Non-Album / Bonus Songs The Baddy Man
15%
Non-Album / Bonus Songs Let's Get Married
12%
Non-Album / Bonus Songs I'm a Fool to Want You
10%
Non-Album / Bonus Songs Fireproof
8%
Non-Album / Bonus Songs The End
8%
Non-Album / Bonus Songs The Beginning
7%
No matching quizzes found
Score Distribution
Percent of People with Each Score
Percentile by Number Answered
Your Score History
You have not taken this quiz